Luxus alebo nevyhnutnosť
Vymedzenie pojmu etické investovanie. Sociálne zodpovedné podniky. Definovanie etických investícií. História sociálne zodpovedných investícií. Štruktúra investorov so záujmom o SZI. Profil investora. Indexy etického investovania.
Na minha lista:
| Autor principal: | |
|---|---|
| Formato: | Capítulo de Livro |
| Idioma: | eslovaco |
| Assuntos: | |
| Tags: |
Sem tags, seja o primeiro a adicionar uma tag!
|
MARC
| LEADER | 00000naa$a2200000$$$4500 | ||
|---|---|---|---|
| 001 | 0047929 | ||
| 005 | 20231019083919.9 | ||
| 041 | 0 | |a slo | |
| 044 | |a SK | ||
| 245 | 1 | 0 | |a Luxus alebo nevyhnutnosť |c Vladimír Baláž |
| 520 | |a Vymedzenie pojmu etické investovanie. Sociálne zodpovedné podniky. Definovanie etických investícií. História sociálne zodpovedných investícií. Štruktúra investorov so záujmom o SZI. Profil investora. Indexy etického investovania. | ||
| 610 | 2 | 0 | |a investovanie |
| 610 | 2 | 0 | |a investori |
| 610 | 2 | 0 | |a kódexy etické |
| 610 | 2 | 0 | |a podnik |
| 610 | 2 | 0 | |a fondy podielové |
| 610 | 2 | 0 | |a história |
| 100 | 1 | |a Baláž, Vladimír | |